LEADER 01059nam 2200349Ia 450 001 996386295203316 005 20200824132000.0 035 $a(CKB)4940000000077357 035 $a(EEBO)2240931134 035 $a(OCoLC)ocm12440247e 035 $a(OCoLC)12440247 035 $a(EXLCZ)994940000000077357 100 $a19850829d1663 uy | 101 0 $aeng 135 $aurbn||||a|bb| 200 14$aThe work of Gods power in man$b[electronic resource] $ewith something that the spirit of truth leads to practise, and what it leads to deny ... /$fW.S 210 $aLondon $c[s.n.]$d1663 215 $a[2], 19 p 300 $aWritten by William Smith. Cf. BM. 300 $aReproduction of original in Yale University Library. 330 $aeebo-0198 606 $aRepentance 615 0$aRepentance. 700 $aSmith$b William$fd. 1673.$0845826 801 0$bEAA 801 1$bEAA 801 2$bm/c 801 2$bWaOLN 906 $aBOOK 912 $a996386295203316 996 $aThe work of Gods power in man$92318258 997 $aUNISA